Palmarès des Victoires de la Musique - Statistiques

Statistiques générales
  • Ce quiz a été pris 314 fois
  • Le résultat moyen est 20 sur 64
Statistiques - réponses
Année Catégorie Lauréat(e) % Correct
2000 Homme -M-
88%
2005 Homme -M-
88%
1987 Homme Johnny Hallyday
70%
1998 Femme Zazie
61%
2002 Femme Zazie
61%
1994 Homme Alain Souchon
60%
1986 Homme Jean-Jacques Goldman
60%
1998 Homme Florent Pagny
54%
1991 Homme Michel Sardou
48%
1992 Homme Patrick Bruel
48%
1990 Femme Vanessa Paradis
48%
2008 Femme Vanessa Paradis
48%
2014 Femme Vanessa Paradis
48%
1988 Femme Mylène Farmer
47%
2003 Homme Renaud
46%
2017 Homme Renaud
46%
1987 Femme France Gall
43%
1993 Homme Alain Bashung
40%
1999 Homme Alain Bashung
40%
2009 Homme Alain Bashung
40%
2004 Homme Calogero
39%
1993 Femme Véronique Sanson
36%
1996 Femme Véronique Sanson
36%
2007 Homme Bénabar
35%
1990 Homme Francis Cabrel
34%
2015 Homme Julien Doré
34%
2016 Homme Vianney
34%
1991 Femme Patricia Kaas
30%
1997 Homme Charles Aznavour
29%
1985 Homme Michel Jonasz
29%
2014 Homme Stromae
28%
1999 Femme Axelle Red
25%
1986 Femme Catherine Lara
25%
2005 Femme Françoise Hardy
25%
2001 Femme Hélène Ségara
25%
2006 Homme Raphael
25%
2010 Homme Benjamin Biolay
24%
2012 Femme Catherine Ringer
23%
2007 Femme Olivia Ruiz
22%
2010 Femme Olivia Ruiz
22%
1985 Femme Jeanne Mas
20%
1996 Homme Maxime Le Forestier
19%
1994 Femme Barbara
18%
1997 Femme Barbara
18%
2017 Femme Jain
18%
1992 Femme Jane Birkin
18%
1995 Homme MC Solaar
18%
2015 Femme Christine and the Queens
17%
2004 Femme Carla Bruni
16%
1988 Homme Claude Nougaro
16%
2002 Homme Gerald De Palmas
16%
2009 Femme Camille
15%
2001 Homme Henri Salvador
14%
1995 Femme Enzo Enzo
12%
2006 Femme Juliette
12%
2011 Homme Gaëtan Roussel
11%
2013 Homme Dominique A
8%
2011 Femme Yael Naim
8%
2016 Femme Yael Naim
8%
2013 Femme Lou Doillon
7%
2003 Femme Lynda Lemay
7%
2008 Homme Abd Al Malik
6%
2012 Homme Hubert-Félix Thiéfaine
6%
2000 Femme Natacha Atlas
5%
Aucun quiz correspondant
Distribution des résultats
% des personnes avec chaque résultat
Percentile par nombre de réponses
Votre historique - résultats
Vous n’avez pas pris ce quiz